1693 1778 1754 1429 1090 1848 1396 1550 1275 1985 1508 1884 1507 1131 1910 1403 1781 1219 1723 1040 1822 1602 1767 1123 1817 1207 1885 1855 1955 1320 1184 1465 1904 1499 1332 1440 1428 1372 1194 1237 1604 1335 1535 1880 1177 1353 1923 1325 1502 1453 1363 1989 1935 1987 1858 1141 1668 1951 1667 1694 1030 1204 1865 1779 1354 1201 1124 1509 1552 1189 1719 1872 1807 1591 1652 1316 1330 1634 1051 1562 1644 1123 1955 1828 1127 1917 1347 1233 1609 1626 1107 1944 1464 1633 1991 1921 1959 1403 1676 BCNSPRNW ULIB Ver.6.0+V

เปลี่ยนเป็นภาษาไทย

Change to English
 แสดงรายละเอียดบรรณานุกรม
  กลับหน้าหลัก

Brief Record : Get Marc (ISO 2709) : E-mail record : QR code < ปิดหน้าต่าง
LEADER : 00000nam 2200000uu 4500
001    13399107860
003     ULIB
008    110208s2547||||th 000 0 tha d
060  4 ^aWY200^bพ796ค 2547
100 0  ^aพีระ เรืองฤทธิ์
245 00 ^aคู่มือการวินิจฉัยการพยาบาลครอบครัว/^cพีระ เรืองฤทธิ์
260    ^aนครสวรรค์ :^bวิทยาลัยพยาบาลบรมราชชนนี สวรรค์ประชารักษ์ นครสวรรค์^c2547
300    73 หน้า
650  7 การพยาบาลครอบครัว
945    ^p0^l0^i016893
945    ^p0^l0^i016896
945    ^p0^l0^i021885
945    ^p0^l0^i018235
945    ^p0^l0^i018239
945    ^p0^l0^i016898
945    ^p0^l0^i016895
945    ^p0^l0^i018240
945    ^p0^l0^i018241
945    ^p0^l0^i018238
945    ^p0^l0^i018236
945    ^p0^l0^i018237
945    ^p0^l0^i016891
945    ^p0^l0^i016892
995    เกษร
999 ^a ใช้งานได้ทุกระบบ
รายการนี้ยังไม่มีแท็ก
คุณยังไม่ได้ล็อกอิน คุณสามารถมีกิจกรรมร่วมกับเว็บไซต์ได้ แต่ต้องล็อกอินก่อน ::
  ล็อกอิน

รายการสื่อสารสนเทศ

ลำดับที่ ประเภท เลขเรียก/บาร์โค้ด สถานที่ สถานะ
- ไม่พบข้อมูล -

รายการใกล้เคียง
    ผู้แต่ง [พีระ เรืองฤทธิ์]

    หัวเรื่อง [การพยาบาลครอบครัว]

BibComment


ยังไม่เคยถูกคอมเมนท์

คอมเมนท์ทรัพยากรรายการนี้
  คอมเมนท์: คู่มือการวินิจฉั..

สมาชิกที่บันทึกรายการนี้ไว้ในรายการโปรด
นายขวัญชัย ส่างแก้ว

 Copyright 2026. Bcnsprnw @Library